Представление документа в формате RUSMARC

ПолеНазваниеЗначение
  Тип записи a
  Библиографический уровень m
001 Контрольный номер RU/СЮИ МВД России/KNIGI/65.262.10я73/Б23-259793
005 Дата корректировки 20140508173930.0
010 Индекс ISBN __
a ISBN 5-279-01243-2
100 Данные общей обработки __
a Данные общей обработки 20111212d1996 |||y0rusy0189
101 Язык документа 0_
a Язык текста rus
102 Страна публикации __
a Страна публикации RU
105 Кодированные данные (монография) __
a Кодированные данные (монография) y j 000yy
200 Заглавие и сведения об ответственности 1_
a Заглавие Банковское дело
e Сведения, относящиеся к заглавию рекомендовано Мин.образования
f Первые сведения об ответственности под ред. В. И. Колесникова, Л. П. Кроливецкой
205 Сведения об издании __
a Основные сведения об издании 2-е изд., стер.
210 Выходные данные __
a Место издания М.
c Издательство Финансы и статистика
d Дата издания 1996
215 Физическое описание __
a Объем 480 с.
606 Тематические рубрики __
a Основная рубрика Банковское дело
620 Место и дата публикации, исполнения и т.д. __
d Город Москва
686 Индексы других классификаций __
a Классификационный индекс 65.262.10я73
2 Код системы rubbk
686 Индексы других классификаций __
a Классификационный индекс 06.73.55
2 Код системы rugasnti
702 Вторичная интеллектуальная ответственность _1
a Фамилия Колесников
b Имя В. И.
4 Код отношения 340
702 Вторичная интеллектуальная ответственность _1
a Фамилия Кроливецкая
b Имя Л. П.
4 Код отношения 340
801 Источник записи _0
b Организация СЮИ МВД России
a Страна RU
c Дата составления 20111212
801 Источник записи _1
a Страна RU
b Организация ПКИ
c Дата составления 20111212
852 Данные о местонахождении __
a Наименование организации СЮИ МВД России
b Сигла хранения УчФ_Поволжский филиал
i Авторский знак Б23
p Инвентарный номер д10
j Шифр хранения 65.262.10я73
901 Тип документа __
t Тип документа m
938 Служебная информация __
a Название организации Поволжский филиал
b Имя БД Книги_Ирбис
c Название АИБС АБИС ИРБИС